Iberian Neogene Basins
Descripción Física:
320 p. : a dues columnes, il. ; 28 cm
Materias:
Bioestratigrafia
MARC
| LEADER | 00000nam a2200000Ia 4500 | ||
|---|---|---|---|
| 001 | 11037 | ||
| 003 | BGR | ||
| 005 | 20260324175339.0 | ||
| 008 | 160829s1990 xx 000 0 cat d | ||
| 080 | |a C-1-559 | ||
| 245 | |a Iberian Neogene Basins | ||
| 260 | |a Barcelona : |b Institut Paleontològic Dr. M. Crusafont. Diputació de Barcelona, |c 1990 | ||
| 300 | |a 320 p. : |b a dues columnes, il. ; |c 28 cm | ||
| 490 | |a Paleontologia i Evolució. Memòria especial ; 2 | ||
| 590 | |a Inclou les excursions geològiques efectuades amb ocasió del 'IX Congress of the Regional Committee on Mediterranean Neogene Stratigraphy' que va tenir lloc a Barcelona, del 19 al 24 de novembre de 1990. Textos en anglès. | ||
| 650 | |a Bioestratigrafia |9 28244 | ||
| 710 | 1 | |a Barcelona (Catalunya : Província). |b Diputació |9 52408 | |
| 710 | 2 | |a Institut Paleontològic Miquel Crusafont |9 71158 | |
| 901 | |a Arxiu | ||
| 942 | |n 1 |2 udc |c MON | ||
| 952 | |0 0 |1 0 |4 0 |6 C1559 |7 1 |9 44736 |a Arxiu |b Arxiu |d 2016-12-01 |l 0 |o C-1-559 |p 11037 |r 2016-12-01 00:00:00 |w 2016-12-01 |y ARXIU | ||
| 999 | |c 47318 |d 47318 | ||